000 00603nam a2200181 a 4500
001 000015130
005 20240226141826.0
008 100201s1988 dr a 000 0 spa d
020 _a9993477192
040 _aDO-SdBNP
_bspa
_cBNPHU
100 1 _aVerne, Julio,
_d1828-1905
_91073
245 1 0 _aDe la tierra a la luna /
_cJulio Verne.
260 _aSanto Domingo :
_bCENAPEC,
_c1988.
300 _a337 p. :
_bils. ;
_c22 cm.
490 1 _aBiblioteca Económica de Obras Maestras
_vno. 10
500 _aIncluye notas al pie de las páginas
830 0 _aBiblioteca Económica de Obras Maestras
_nno. 10
_934237
999 _c14702
_d14702